[Event "NB I. Maroczy csoport"]
[Site "Budapest"]
[Date "2023.11.26"]
[Round "4.5"]
[White "Urhegyi, Marton"]
[Black "Boguszlavszkij, Jevgenyij"]
[Result "1-0"]
[WhiteElo "2259"]
[BlackElo "2099"]
[PlyCount "91"]
[EventDate "2023.10.08"]
[EventType "team-tourn"]
[EventRounds "11"]
[EventCountry "HUN"]
[Source "chess.hu"]
[WhiteTeam "Aquarena Kobanya  II"]
[BlackTeam "Vasas SC"]
[WhiteTeamCountry "HUN"]
[BlackTeamCountry "HUN"]

1. e4 c6 2. d4 d5 3. Nc3 dxe4 4. Nxe4 Nf6 5. Nxf6+ exf6 6. c3 Bd6 7. Bd3 Na6 8.
Ne2 Nc7 9. Bf4 Bg4 10. Bxd6 Qxd6 11. Qb3 O-O 12. O-O Bxe2 13. Bxe2 Rab8 14.
Rfe1 f5 15. Bf3 Ne6 16. Re5 g6 17. Rae1 Ng5 18. Be2 c5 19. Rd5 Qf4 20. dxc5
Rbe8 21. Qd1 Qe4 22. Qd3 Qe7 23. b4 Qf6 24. Rd6 Qg7 25. f3 Re7 26. Rd1 Ne6 27.
Bf1 Qe5 28. Qd2 f4 29. Re1 Qg5 30. Bc4 Rfe8 31. Bxe6 Rxe6 32. Rdxe6 Rxe6 33.
Rxe6 fxe6 34. Qd6 Qf5 35. Qb8+ Qf8 36. Qxf8+ Kxf8 37. Kf2 Ke7 38. Ke2 Kf6 39.
Kd3 Ke5 40. Kc4 g5 41. b5 h5 42. h3 b6 43. a3 bxc5 44. Kxc5 Kf6 45. a4 e5 46.
Kd5 1-0

[Event "NB I. Maroczy csoport"]
[Site "Budapest"]
[Date "2023.11.26"]
[Round "4.6"]
[White "Horvath, Julia"]
[Black "Halak, Miklos"]
[Result "0-1"]
[WhiteElo "2137"]
[BlackElo "2239"]
[PlyCount "120"]
[EventDate "2023.10.08"]
[EventType "team-tourn"]
[EventRounds "11"]
[EventCountry "HUN"]
[Source "chess.hu"]
[WhiteTeam "Vasas SC"]
[BlackTeam "Aquarena Kobanya  II"]
[WhiteTeamCountry "HUN"]
[BlackTeamCountry "HUN"]

1. d4 d5 2. c4 e6 3. Nf3 a6 4. Qc2 dxc4 5. Qxc4 b5 6. Qc2 Bb7 7. Bf4 Bd6 8.
Bxd6 cxd6 9. Nbd2 Nc6 10. e3 Rc8 11. Qb3 Nf6 12. Be2 O-O 13. O-O Na5 14. Qa3
Qb6 15. Rac1 Bxf3 16. Bxf3 d5 17. b3 b4 18. Qb2 Nb7 19. Be2 Nd6 20. Bd3 Qa5 21.
Rfd1 h6 22. h3 Nb5 23. Bxb5 axb5 24. Rc2 Rc3 25. Nb1 Rxc2 26. Qxc2 Ra8 27. Rd2
Ne4 28. Re2 Nc3 29. Nxc3 bxc3 30. a3 Qxa3 31. Qxc3 Qa1+ 32. Qe1 Ra3 33. b4
Qxe1+ 34. Rxe1 Rb3 35. Rc1 Rxb4 36. Rc8+ Kh7 37. g3 Rb2 38. Kg2 Kg6 39. Rb8 b4
40. Rb7 b3 41. Kf3 Rb1 42. Kg2 Kf6 43. h4 h5 44. Kf3 g6 45. Kf4 b2 46. Kf3 g5
47. hxg5+ Kxg5 48. Rb8 Kf5 49. Rb7 f6 50. Rb8 e5 51. dxe5 fxe5 52. Rf8+ Ke6 53.
Rb8 Kd6 54. Ke2 e4 55. Rb5 Ke6 56. Rb6+ Kf5 57. Rb8 Kg4 58. Rg8+ Kh3 59. Rb8
Kg2 60. Rb5 Rf1 0-1

[Event "NB I. Maroczy csoport"]
[Site "Budapest"]
[Date "2023.11.26"]
[Round "4.7"]
[White "Vicsai, Gabor"]
[Black "Havasi, Janos"]
[Result "1-0"]
[WhiteElo "2220"]
[BlackElo "1994"]
[PlyCount "75"]
[EventDate "2023.10.08"]
[EventType "team-tourn"]
[EventRounds "11"]
[EventCountry "HUN"]
[Source "chess.hu"]
[WhiteTeam "Aquarena Kobanya  II"]
[BlackTeam "Vasas SC"]
[WhiteTeamCountry "HUN"]
[BlackTeamCountry "HUN"]

1. d4 Nf6 2. c4 g6 3. Nc3 Bg7 4. e4 d6 5. Bd3 O-O 6. Nge2 Na6 7. O-O c5 8. d5
Nc7 9. h3 a6 10. a4 Rb8 11. Ng3 Bd7 12. a5 b5 13. axb6 Rxb6 14. Qc2 Qb8 15. Ra2
e6 16. f4 exd5 17. exd5 Be8 18. f5 Nd7 19. Nge4 Bd4+ 20. Kh1 f6 21. Bh6 Bf7 22.
Na4 Rb4 23. fxg6 Bxg6 24. Nexc5 dxc5 25. Bxg6 Ne5 26. Bxh7+ Kh8 27. Bxf8 Qxf8
28. Bd3 Qh6 29. Qe2 Ne8 30. Nc3 Rb6 31. Ne4 Rb3 32. Nc3 Rb6 33. Rfa1 Nd6 34.
Rxa6 Rxa6 35. Rxa6 Ndf7 36. Ra1 Kg7 37. Ne4 f5 38. Ng3 1-0

[Event "NB I. Maroczy csoport"]
[Site "Budapest"]
[Date "2023.11.26"]
[Round "4.8"]
[White "Pesztericz, Laszlo"]
[Black "Foldes, Marton Gabor"]
[Result "1/2-1/2"]
[WhiteElo "2053"]
[BlackElo "2099"]
[PlyCount "54"]
[EventDate "2023.10.08"]
[EventType "team-tourn"]
[EventRounds "11"]
[EventCountry "HUN"]
[Source "chess.hu"]
[WhiteTeam "Vasas SC"]
[BlackTeam "Aquarena Kobanya  II"]
[WhiteTeamCountry "HUN"]
[BlackTeamCountry "HUN"]

1. e4 c5 2. Nc3 Nc6 3. g3 g6 4. Bg2 Bg7 5. d3 d6 6. Be3 e6 7. Qd2 Rb8 8. Nge2
b5 9. O-O Nd4 10. Nd1 Ne7 11. c3 Nxe2+ 12. Qxe2 O-O 13. d4 cxd4 14. Bxd4 Bxd4
15. cxd4 Nc6 16. Qd2 e5 17. d5 Nd4 18. Ne3 f5 19. f4 fxe4 20. Bxe4 Bh3 21. Bg2
Bxg2 22. Kxg2 Qb6 23. fxe5 dxe5 24. Qd3 Qd6 25. Qe4 Rbe8 26. Rxf8+ Rxf8 27. Ng4
Nf5 1/2-1/2

[Event "NB I. Maroczy csoport"]
[Site "Budapest"]
[Date "2023.11.26"]
[Round "4.9"]
[White "Fulop, Peter Benjamin"]
[Black "Gyurkovics, Miklos"]
[Result "1-0"]
[WhiteElo "2012"]
[BlackElo "1996"]
[PlyCount "73"]
[EventDate "2023.10.08"]
[EventType "team-tourn"]
[EventRounds "11"]
[EventCountry "HUN"]
[Source "chess.hu"]
[WhiteTeam "Aquarena Kobanya  II"]
[BlackTeam "Vasas SC"]
[WhiteTeamCountry "HUN"]
[BlackTeamCountry "HUN"]

1. e4 g6 2. d4 Bg7 3. Nc3 a6 4. h4 h5 5. Be3 d6 6. Nh3 Nc6 7. Ng5 Nf6 8. Bc4
O-O 9. a4 e5 10. dxe5 Nxe5 11. Bb3 Nfg4 12. Bf4 Bd7 13. Qe2 b5 14. axb5 axb5
15. O-O Rxa1 16. Rxa1 Qb8 17. f3 Nf6 18. Be3 b4 19. Nd5 Bb5 20. Qd2 c5 21. Bf4
c4 22. Ba2 Nxd5 23. Qxd5 Qb6+ 24. Kh1 Qf2 25. Qxb5 b3 26. Bxb3 cxb3 27. Qxb3
Qxh4+ 28. Nh3 Rc8 29. Kh2 Qe7 30. Rd1 Qc7 31. c3 Nc4 32. Qc2 Qb6 33. b3 Ne3 34.
Qf2 Be5 35. Bxe5 dxe5 36. Rd3 Qe6 37. Qxe3 1-0

[Event "NB I. Maroczy csoport"]
[Site "Budapest"]
[Date "2023.11.26"]
[Round "4.10"]
[White "Szabo, Kristof"]
[Black "Karacsonyi, Bank"]
[Result "1-0"]
[WhiteElo "2092"]
[BlackElo "1868"]
[PlyCount "80"]
[EventDate "2023.10.08"]
[EventType "team-tourn"]
[EventRounds "11"]
[EventCountry "HUN"]
[Source "chess.hu"]
[WhiteTeam "Vasas SC"]
[BlackTeam "Aquarena Kobanya  II"]
[WhiteTeamCountry "HUN"]
[BlackTeamCountry "HUN"]

1. e4 e5 2. Nf3 Nc6 3. Bc4 Bc5 4. c3 Nf6 5. d3 d6 6. a4 a5 7. Be3 Bxe3 8. fxe3
O-O 9. O-O d5 10. exd5 Nxd5 11. Qe1 Nb6 12. Bb5 Na7 13. d4 e4 14. Nfd2 Nxb5 15.
axb5 Nd5 16. Qg3 f5 17. Na3 Rf6 18. Nac4 Rg6 19. Qf2 Qg5 20. Nxe4 Qe7 21. Ng3
Rh6 22. Ne5 Qh4 23. Nf3 Qe7 24. Rae1 Nf6 25. Ne5 Ng4 26. Nxg4 fxg4 27. Nf5 Bxf5
28. Qxf5 Qe6 29. Qxe6+ Rxe6 30. Rf4 a4 31. e4 Rb6 32. c4 Rd8 33. e5 c6 34. e6
cxb5 35. c5 Rc6 36. d5 Rxc5 37. e7 Re8 38. Ref1 Rcc8 39. d6 g5 40. Rxg4 h6 1-0

[Event "NB I. Maroczy csoport"]
[Site "Budapest"]
[Date "2023.11.26"]
[Round "4.11"]
[White "Castillo Sanjuan, Daniel"]
[Black "Kis, Bela"]
[Result "1/2-1/2"]
[WhiteElo "1991"]
[BlackElo "1936"]
[PlyCount "76"]
[EventDate "2023.10.08"]
[EventType "team-tourn"]
[EventRounds "11"]
[EventCountry "HUN"]
[Source "chess.hu"]
[WhiteTeam "Aquarena Kobanya  II"]
[BlackTeam "Vasas SC"]
[WhiteTeamCountry "HUN"]
[BlackTeamCountry "HUN"]

1. e4 e5 2. Nf3 Nc6 3. Bc4 Bc5 4. c3 d6 5. d4 exd4 6. cxd4 Bb6 7. h3 Nf6 8. Nc3
O-O 9. Bg5 h6 10. Bh4 g5 11. d5 gxh4 12. dxc6 bxc6 13. O-O Nh5 14. e5 Bf5 15.
Qd2 Kh7 16. Bd3 Bg6 17. Rad1 dxe5 18. Nxe5 Bxd3 19. Qxd3+ Qxd3 20. Rxd3 Rad8
21. Rfd1 Rxd3 22. Rxd3 Rg8 23. Kf1 Rg5 24. Nxc6 Rxg2 25. Rf3 Rg6 26. Ne5 Re6
27. Nc4 Kg6 28. a4 Bc5 29. Ne2 Re4 30. b3 f5 31. Rd3 Nf4 32. Nxf4+ Rxf4 33. Ne3
Kg5 34. Kg2 Re4 35. Kf3 Rf4+ 36. Kg2 Re4 37. Kf3 Rf4+ 38. Kg2 Re4 1/2-1/2

[Event "NB I. Maroczy csoport"]
[Site "Budapest"]
[Date "2023.11.26"]
[Round "4.12"]
[White "Harkanyi, Gergely"]
[Black "Karacsonyi, Luca"]
[Result "1-0"]
[WhiteElo "1888"]
[BlackElo "1873"]
[PlyCount "47"]
[EventDate "2023.10.08"]
[EventType "team-tourn"]
[EventRounds "11"]
[EventCountry "HUN"]
[Source "chess.hu"]
[WhiteTeam "Vasas SC"]
[BlackTeam "Aquarena Kobanya  II"]
[WhiteTeamCountry "HUN"]
[BlackTeamCountry "HUN"]

1. d4 d5 2. c4 dxc4 3. Nf3 a6 4. e3 Nf6 5. Bxc4 e6 6. O-O c5 7. Be2 b5 8. a4 b4
9. Nbd2 Nc6 10. dxc5 Bxc5 11. Qc2 Qe7 12. Nb3 Nd7 13. Rd1 Ncb8 14. Bd2 a5 15.
Rac1 Ba6 16. Bb5 Bxb5 17. axb5 Ra7 18. Nxc5 Rc7 19. Qa4 Nxc5 20. Qxa5 O-O 21.
b6 Rcc8 22. Bxb4 Nbd7 23. b7 Rc6 24. Nd4 1-0

[Event "NB I. Maroczy csoport"]
[Site "Kisujszallas"]
[Date "2023.11.26"]
[Round "4.1"]
[White "Nomin-Erdene, Davaademberel"]
[Black "Berebora, Ferenc"]
[Result "0-1"]
[WhiteElo "2363"]
[BlackElo "2398"]
[PlyCount "88"]
[EventDate "2023.10.08"]
[EventType "team-tourn"]
[EventRounds "11"]
[EventCountry "HUN"]
[Source "chess.hu"]
[WhiteTeam "DEAC-Debr.Sakkiskola"]
[BlackTeam "Kumania-Kisujszallas"]
[WhiteTeamCountry "HUN"]
[BlackTeamCountry "HUN"]

1. e4 c5 2. Nf3 e6 3. d4 cxd4 4. Nxd4 Nf6 5. Nc3 Nc6 6. Ndb5 Bc5 7. Nd6+ Ke7 8.
Bf4 e5 9. Nf5+ Kf8 10. Bg5 Bb4 11. Bxf6 Qxf6 12. Ne3 Bxc3+ 13. bxc3 g6 14. h4
h5 15. Rh3 Kg7 16. Bc4 Rf8 17. Nf5+ gxf5 18. Rg3+ Kh7 19. Qxh5+ Qh6 20. Qxf5+
Kh8 21. Rg5 d5 22. Qf3 dxc4 23. Rh5 Qxh5 24. Qxh5+ Kg7 25. O-O-O Be6 26. Re1
Rg8 27. g4 f6 28. g5 fxg5 29. Rg1 g4 30. f3 Raf8 31. fxg4 Rf4 32. Kb2 Bf7 33.
Qg5+ Kh7 34. Qf5+ Rxf5 35. exf5 Bh5 36. g5 e4 37. Re1 Re8 38. Re3 Bg4 39. f6
Kg6 40. Kc1 Bf5 41. Re1 Ne5 42. Rh1 Rh8 43. Kd1 Nf3 44. h5+ Kxg5 0-1

[Event "NB I. Maroczy csoport"]
[Site "Kisujszallas"]
[Date "2023.11.26"]
[Round "4.2"]
[White "Grunberg, Mihai-Lucian"]
[Black "Varadi, Viktor"]
[Result "1-0"]
[WhiteElo "2403"]
[BlackElo "2373"]
[PlyCount "85"]
[EventDate "2023.10.08"]
[EventType "team-tourn"]
[EventRounds "11"]
[EventCountry "HUN"]
[Source "chess.hu"]
[WhiteTeam "Kumania-Kisujszallas"]
[BlackTeam "DEAC-Debr.Sakkiskola"]
[WhiteTeamCountry "HUN"]
[BlackTeamCountry "HUN"]

1. d4 Nf6 2. c4 g6 3. g3 c6 4. Bg2 d5 5. Qb3 Qb6 6. Nc3 Be6 7. c5 Qxb3 8. axb3
Na6 9. Nf3 Bg7 10. Ne5 Nd7 11. Nxc6 Naxc5 12. Na5 Bxd4 13. Nxd5 Bxd5 14. Bxd5
Nf6 15. Bxb7 Nxb7 16. Nxb7 O-O 17. O-O Rfc8 18. Ra4 Bb6 19. Na5 Rc2 20. Nc4 Rc8
21. Re1 Ne4 22. Nxb6 Rxc1 23. Nxc8 Rxe1+ 24. Kg2 f5 25. Kf3 e5 26. Ke3 Rb1 27.
Ra2 h5 28. b4 Rc1 29. Ne7+ Kf7 30. Rxa7 Ke6 31. Nxg6 Rc2 32. Nf8+ Kf6 33. Nd7+
Ke6 34. Nf8+ Kf6 35. Ra6+ Kg7 36. Ne6+ Kf7 37. f3 Nf6 38. Nd8+ Kg7 39. Nc6 Rxb2
40. Ra7+ Kg8 41. Nxe5 Rxb4 42. Ra5 Kg7 43. Nd3 1-0

[Event "NB I. Maroczy csoport"]
[Site "Kisujszallas"]
[Date "2023.11.26"]
[Round "4.3"]
[White "Mester, Gyula"]
[Black "Balla, Tamas-Kristof"]
[Result "1/2-1/2"]
[WhiteElo "2310"]
[BlackElo "2285"]
[PlyCount "48"]
[EventDate "2023.10.08"]
[EventType "team-tourn"]
[EventRounds "11"]
[EventCountry "HUN"]
[Source "chess.hu"]
[WhiteTeam "DEAC-Debr.Sakkiskola"]
[BlackTeam "Kumania-Kisujszallas"]
[WhiteTeamCountry "HUN"]
[BlackTeamCountry "HUN"]

1. e4 c6 2. d4 d5 3. exd5 cxd5 4. c4 Nf6 5. Nc3 e6 6. Nf3 Nc6 7. cxd5 Nxd5 8.
Bd3 Be7 9. O-O O-O 10. Bc2 b6 11. a3 Ba6 12. Re1 Nxc3 13. bxc3 Rc8 14. Nd2 Bg5
15. Ne4 Bxc1 16. Rxc1 h6 17. Qh5 Bc4 18. Re3 Bd5 19. Rg3 Nxd4 20. Nd2 Bf3 21.
Nxf3 Ne2+ 22. Kh1 Nxg3+ 23. hxg3 Qf6 24. Qe5 Qxe5 1/2-1/2

[Event "NB I. Maroczy csoport"]
[Site "Kisujszallas"]
[Date "2023.11.26"]
[Round "4.4"]
[White "Meszaros, Gyula"]
[Black "Emodi, Barnabas"]
[Result "1-0"]
[WhiteElo "2292"]
[BlackElo "2335"]
[PlyCount "77"]
[EventDate "2023.10.08"]
[EventType "team-tourn"]
[EventRounds "11"]
[EventCountry "HUN"]
[Source "chess.hu"]
[WhiteTeam "Kumania-Kisujszallas"]
[BlackTeam "DEAC-Debr.Sakkiskola"]
[WhiteTeamCountry "HUN"]
[BlackTeamCountry "HUN"]

1. Nf3 Nf6 2. g3 d5 3. Bg2 c6 4. c4 g6 5. O-O Bg7 6. d4 O-O 7. cxd5 cxd5 8. Nc3
Nc6 9. Ne5 e6 10. Nxc6 bxc6 11. Qc2 Nd7 12. Rd1 Ba6 13. e4 Nb6 14. h4 h6 15. b3
Rc8 16. Ba3 Re8 17. Rac1 f5 18. exf5 gxf5 19. Ne2 Bxe2 20. Qxe2 Nd7 21. Bd6 Nf6
22. Bf4 Qd7 23. Rc3 Ng4 24. Qd2 Kh7 25. Qc2 Kh8 26. Bf3 Nf6 27. Be5 Ng8 28. Bf4
Ne7 29. Bh5 Rf8 30. Qe2 c5 31. Re3 cxd4 32. Rxe6 Ng8 33. Be5 Nf6 34. Bxd4 Nxh5
35. Rxh6+ Kg8 36. Rxh5 Rf7 37. Rg5 f4 38. Bxg7 Rxg7 39. Rxg7+ 1-0

[Event "NB I. Maroczy csoport"]
[Site "Kisujszallas"]
[Date "2023.11.26"]
[Round "4.5"]
[White "Deak, Sandor"]
[Black "Egyed, Gabor"]
[Result "1/2-1/2"]
[WhiteElo "2251"]
[BlackElo "2166"]
[PlyCount "27"]
[EventDate "2023.10.08"]
[EventType "team-tourn"]
[EventRounds "11"]
[EventCountry "HUN"]
[Source "chess.hu"]
[WhiteTeam "DEAC-Debr.Sakkiskola"]
[BlackTeam "Kumania-Kisujszallas"]
[WhiteTeamCountry "HUN"]
[BlackTeamCountry "HUN"]

1. d4 Nf6 2. c4 d6 3. Nc3 g6 4. e4 Bg7 5. f3 O-O 6. Be3 Nbd7 7. Qd2 c5 8. Nge2
cxd4 9. Nxd4 Nc5 10. Be2 Ne6 11. O-O Nxd4 12. Bxd4 Bd7 13. Rfd1 Bc6 14. b4
1/2-1/2

[Event "NB I. Maroczy csoport"]
[Site "Kisujszallas"]
[Date "2023.11.26"]
[Round "4.6"]
[White "Nagy, Attila N"]
[Black "Laszlo, Janos"]
[Result "0-1"]
[WhiteElo "2182"]
[BlackElo "2184"]
[PlyCount "78"]
[EventDate "2023.10.08"]
[EventType "team-tourn"]
[EventRounds "11"]
[EventCountry "HUN"]
[Source "chess.hu"]
[WhiteTeam "Kumania-Kisujszallas"]
[BlackTeam "DEAC-Debr.Sakkiskola"]
[WhiteTeamCountry "HUN"]
[BlackTeamCountry "HUN"]

1. Nf3 d5 2. g3 Nf6 3. Bg2 c5 4. O-O Nc6 5. d4 e6 6. c4 h6 7. cxd5 exd5 8. Nc3
Bd6 9. Nb5 Be7 10. Bf4 O-O 11. dxc5 Bxc5 12. Rc1 Bb6 13. Bd6 Re8 14. Ba3 Ne4
15. Nfd4 Nxd4 16. Nxd4 Qf6 17. e3 Bd7 18. Rc2 Rad8 19. Re1 Rc8 20. Nb3 Bg4 21.
Rce2 Nxf2 22. Rxf2 Qxf2+ 23. Kxf2 Bxd1 24. Rxd1 Rc2+ 25. Kf1 Bxe3 26. Rd3 Rf2+
27. Kg1 d4 28. Kh1 Rc8 29. Bc5 b6 30. Bxd4 Bxd4 31. Rxd4 g6 32. Rd7 a5 33. Bd5
Rcc2 34. Kg1 Rxb2 35. Nd4 Rfd2 36. Rxf7 h5 37. Rf2+ Kh8 38. Rf8+ Kh7 39. Bg8+
Kh6 0-1

[Event "NB I. Maroczy csoport"]
[Site "Kisujszallas"]
[Date "2023.11.26"]
[Round "4.7"]
[White "Tran, David"]
[Black "Muhari, Istvan"]
[Result "1/2-1/2"]
[WhiteElo "2091"]
[BlackElo "2142"]
[PlyCount "68"]
[EventDate "2023.10.08"]
[EventType "team-tourn"]
[EventRounds "11"]
[EventCountry "HUN"]
[Source "chess.hu"]
[WhiteTeam "DEAC-Debr.Sakkiskola"]
[BlackTeam "Kumania-Kisujszallas"]
[WhiteTeamCountry "HUN"]
[BlackTeamCountry "HUN"]

1. e4 c6 2. Nc3 d5 3. Nf3 dxe4 4. Nxe4 Bf5 5. Ng3 Bg6 6. d4 Nd7 7. h4 h6 8. h5
Bh7 9. Bd3 Bxd3 10. Qxd3 Ngf6 11. c4 e6 12. Qe2 Bb4+ 13. Bd2 Qa5 14. a3 Bxd2+
15. Qxd2 Qxd2+ 16. Kxd2 c5 17. Ke2 Rc8 18. Rac1 O-O 19. dxc5 Nxc5 20. b4 Ncd7
21. Rhd1 Rc7 22. Nd4 Ne5 23. c5 a6 24. f4 Nc6 25. Nb3 Na7 26. Na5 Nd5 27. Kf3
Nb5 28. Nc4 a5 29. Nd6 Nxd6 30. cxd6 Rd7 31. Ne4 axb4 32. axb4 Ra8 33. Rd4 Ra3+
34. Kf2 Ra2+ 1/2-1/2

[Event "NB I. Maroczy csoport"]
[Site "Kisujszallas"]
[Date "2023.11.26"]
[Round "4.8"]
[White "Balogh, David"]
[Black "Szilagyi, Norbert"]
[Result "1-0"]
[WhiteElo "2164"]
[BlackElo "2123"]
[PlyCount "89"]
[EventDate "2023.10.08"]
[EventType "team-tourn"]
[EventRounds "11"]
[EventCountry "HUN"]
[Source "chess.hu"]
[WhiteTeam "Kumania-Kisujszallas"]
[BlackTeam "DEAC-Debr.Sakkiskola"]
[WhiteTeamCountry "HUN"]
[BlackTeamCountry "HUN"]

1. d4 e6 2. Bf4 b6 3. e3 Bb7 4. Nf3 f5 5. Bc4 Nf6 6. a3 Be7 7. h3 O-O 8. Nc3
Kh8 9. d5 exd5 10. Nxd5 Nxd5 11. Bxd5 c6 12. Bc4 d5 13. Bd3 c5 14. c3 Bd6 15.
Ng5 Bxf4 16. Ne6 Qf6 17. Nxf4 d4 18. cxd4 cxd4 19. O-O Nc6 20. exd4 Nxd4 21.
Qh5 Qd6 22. Qg5 Rf6 23. Rfd1 Ne6 24. Nxe6 Qxe6 25. Bf1 Raf8 26. Re1 Qf7 27. Qe3
Be4 28. Rad1 Qg6 29. Qf4 h6 30. Re3 Qf7 31. h4 Qb7 32. f3 Bc6 33. Rde1 Bd5 34.
Re7 Qc6 35. Rc7 Qa8 36. Ree7 R6f7 37. Rxa7 Qd8 38. Qe5 f4 39. Rxf7 Bxf7 40.
Qxf4 Bd5 41. Qd4 Rg8 42. Bb5 Qb8 43. Rd7 Bb3 44. Rd6 Qc7 45. Rxh6# 1-0

[Event "NB I. Maroczy csoport"]
[Site "Kisujszallas"]
[Date "2023.11.26"]
[Round "4.9"]
[White "Bai, Attila"]
[Black "Vranic, Ljubomir"]
[Result "0-1"]
[WhiteElo "2141"]
[BlackElo "2081"]
[PlyCount "92"]
[EventDate "2023.10.08"]
[EventType "team-tourn"]
[EventRounds "11"]
[EventCountry "HUN"]
[Source "chess.hu"]
[WhiteTeam "DEAC-Debr.Sakkiskola"]
[BlackTeam "Kumania-Kisujszallas"]
[WhiteTeamCountry "HUN"]
[BlackTeamCountry "HUN"]

1. d4 Nf6 2. Nf3 d6 3. Bf4 Bg4 4. Nc3 Nbd7 5. d5 c6 6. e4 Qa5 7. h3 Bxf3 8.
Qxf3 g6 9. dxc6 bxc6 10. e5 Nxe5 11. Bxe5 Qxe5+ 12. Be2 d5 13. O-O Bg7 14. Rae1
O-O 15. Bd3 Qd6 16. Qe2 Rfe8 17. f4 Nd7 18. Nd1 Bd4+ 19. Kh1 e5 20. c3 Bb6 21.
fxe5 Rxe5 22. Qf3 Rf8 23. g4 Bc7 24. Qf2 f6 25. Re2 Kg7 26. Rfe1 Rfe8 27. Bc2
R8e6 28. Qg2 Qe7 29. Rxe5 Rxe5 30. Rf1 Re2 31. Rf2 Re1+ 32. Rf1 Bb6 33. Qf3 Qe5
34. Bd3 Nc5 35. Rxe1 Qxe1+ 36. Bf1 Ne4 37. Kg2 Qd2+ 38. Qe2 Qf4 39. Qf3 Qc1 40.
Bd3 Nc5 41. Qe2 Kf7 42. b4 Ne6 43. Qc2 Qg5 44. c4 Nf4+ 45. Kf3 Nxh3 46. cxd5
Qf4+ 0-1

[Event "NB I. Maroczy csoport"]
[Site "Kisujszallas"]
[Date "2023.11.26"]
[Round "4.10"]
[White "Fekete, Albert"]
[Black "Mate, Balazs"]
[Result "1-0"]
[WhiteElo "2082"]
[BlackElo "2044"]
[PlyCount "109"]
[EventDate "2023.10.08"]
[EventType "team-tourn"]
[EventRounds "11"]
[EventCountry "HUN"]
[Source "chess.hu"]
[WhiteTeam "Kumania-Kisujszallas"]
[BlackTeam "DEAC-Debr.Sakkiskola"]
[WhiteTeamCountry "HUN"]
[BlackTeamCountry "HUN"]

1. Nf3 c5 2. e4 Nc6 3. d3 g6 4. g3 Bg7 5. Bg2 e6 6. O-O Nge7 7. c3 d5 8. Qe2
Qc7 9. Re1 O-O 10. e5 b5 11. Bf4 b4 12. Nbd2 bxc3 13. bxc3 Rb8 14. Nb3 Na5 15.
Nxa5 Qxa5 16. Qc2 Bd7 17. Rab1 h6 18. h4 Rb6 19. Rxb6 axb6 20. Rb1 Ra8 21. Rb2
Nc6 22. Qc1 Kh7 23. Bf1 b5 24. d4 c4 25. Bd2 Bf8 26. h5 b4 27. cxb4 Nxb4 28.
Qb1 Qa3 29. hxg6+ fxg6 30. Nh4 Nd3 31. Rb7 Ra7 32. Rxa7 Qxa7 33. Bxd3 cxd3 34.
Qxd3 Be8 35. Qc3 Qxa2 36. Qc8 Qxd2 37. Qxe8 Qe1+ 38. Kg2 Qe4+ 39. Kh2 Qxd4 40.
Qxf8 Qxe5 41. Qf7+ Qg7 42. Qxe6 d4 43. Qd5 Qf6 44. Kg2 g5 45. Nf3 Kg6 46. Nxd4
Qf8 47. Qe6+ Kg7 48. Nf5+ Kh7 49. Qe7+ Qxe7 50. Nxe7 h5 51. g4 hxg4 52. Kg3 Kg7
53. Kxg4 Kf6 54. Nf5 Kg6 55. Ng3 1-0

[Event "NB I. Maroczy csoport"]
[Site "Kisujszallas"]
[Date "2023.11.26"]
[Round "4.11"]
[White "Nandin-Erdene, Davaademberel"]
[Black "Atkins, Rita"]
[Result "1-0"]
[WhiteElo "1832"]
[BlackElo "2041"]
[PlyCount "61"]
[EventDate "2023.10.08"]
[EventType "team-tourn"]
[EventRounds "11"]
[EventCountry "HUN"]
[Source "chess.hu"]
[WhiteTeam "DEAC-Debr.Sakkiskola"]
[BlackTeam "Kumania-Kisujszallas"]
[WhiteTeamCountry "HUN"]
[BlackTeamCountry "HUN"]

1. e4 d6 2. d4 Nf6 3. Nc3 Nbd7 4. Be3 e5 5. f3 Be7 6. Bc4 c6 7. a4 Qc7 8. Nge2
Nf8 9. O-O Be6 10. Bxe6 Nxe6 11. d5 cxd5 12. exd5 Nc5 13. Nb5 Qd7 14. b4 Nxa4
15. c4 Nb2 16. Qb3 Nxd5 17. cxd5 Qxb5 18. Qxb2 Qxd5 19. Bxa7 O-O 20. Rfd1 Qe6
21. Nc3 Bg5 22. Nd5 Rac8 23. Be3 Bd8 24. Rac1 Rxc1 25. Qxc1 f5 26. Qd2 Rf7 27.
Bb6 Bf6 28. Nxf6+ Rxf6 29. Bc7 e4 30. fxe4 fxe4 31. Qxd6 1-0

[Event "NB I. Maroczy csoport"]
[Site "Kisujszallas"]
[Date "2023.11.26"]
[Round "4.12"]
[White "Szaloki, Arpad"]
[Black "Ats, Laszlo Gyorgy"]
[Result "0-1"]
[WhiteElo "2023"]
[BlackElo "1841"]
[PlyCount "52"]
[EventDate "2023.10.08"]
[EventType "team-tourn"]
[EventRounds "11"]
[EventCountry "HUN"]
[Source "chess.hu"]
[WhiteTeam "Kumania-Kisujszallas"]
[BlackTeam "DEAC-Debr.Sakkiskola"]
[WhiteTeamCountry "HUN"]
[BlackTeamCountry "HUN"]

1. d4 d5 2. c4 e6 3. Nc3 Nf6 4. cxd5 exd5 5. Bg5 Be7 6. e3 O-O 7. Bd3 h6 8. Bh4
c6 9. Qc2 Re8 10. Nge2 Nbd7 11. O-O Nf8 12. Rad1 Be6 13. f3 Rc8 14. e4 a6 15.
e5 N6h7 16. Bxe7 Qxe7 17. f4 Bg4 18. f5 Qg5 19. Rde1 c5 20. f6 gxf6 21. Nxd5
cxd4 22. Qb3 fxe5 23. Qxb7 Be6 24. Nc7 Re7 25. Nxe6 Qe3+ 26. Kh1 Rxb7 0-1

[Event "NB I. Maroczy csoport"]
[Site "Budapest"]
[Date "2023.12.10"]
[Round "5.1"]
[White "Berebora, Ferenc"]
[Black "Bodi, Tibor"]
[Result "1/2-1/2"]
[WhiteElo "2403"]
[BlackElo "2291"]
[PlyCount "82"]
[EventDate "2023.10.08"]
[EventType "team-tourn"]
[EventRounds "11"]
[EventCountry "HUN"]
[Source "chess.hu"]
[WhiteTeam "Kumania-Kisujszallas"]
[BlackTeam "Aquarena Kobanya  II"]
[WhiteTeamCountry "HUN"]
[BlackTeamCountry "HUN"]

1. d4 d6 2. Nf3 Nd7 3. c4 e5 4. e4 Ngf6 5. Nc3 Be7 6. Be2 O-O 7. O-O a5 8. Re1
exd4 9. Nxd4 Nc5 10. Bf1 Re8 11. Bf4 Bf8 12. Qc2 g6 13. Rad1 Bg7 14. f3 Bd7 15.
Ndb5 Ne6 16. Be3 Nh5 17. g3 Bxb5 18. cxb5 Qf6 19. Bg2 Qe7 20. Nd5 Qd7 21. a4
Nf6 22. Nxf6+ Bxf6 23. f4 Qc8 24. Rc1 Re7 25. Red1 Qf8 26. b3 Qg7 27. Qd2 Bb2
28. Rc4 Ba3 29. e5 Bb4 30. Rxb4 axb4 31. Qxb4 Rae8 32. Bxb7 Nd8 33. Bc6 Nxc6
34. bxc6 f6 35. Qc4+ Qf7 36. Qxf7+ Kxf7 37. Bd4 Re6 38. exf6 Re1+ 39. Rxe1
Rxe1+ 40. Kf2 Rh1 41. a5 Rc1 1/2-1/2

[Event "NB I. Maroczy csoport"]
[Site "Budapest"]
[Date "2023.12.10"]
[Round "5.2"]
[White "Horvath, David"]
[Black "Balla, Tamas-Kristof"]
[Result "0-1"]
[WhiteElo "2339"]
[BlackElo "2277"]
[PlyCount "72"]
[EventDate "2023.10.08"]
[EventType "team-tourn"]
[EventRounds "11"]
[EventCountry "HUN"]
[Source "chess.hu"]
[WhiteTeam "Aquarena Kobanya  II"]
[BlackTeam "Kumania-Kisujszallas"]
[WhiteTeamCountry "HUN"]
[BlackTeamCountry "HUN"]

1. d4 f5 2. Nc3 d5 3. Bf4 a6 4. e3 Nf6 5. Nf3 e6 6. Bd3 c5 7. dxc5 Bxc5 8. O-O
Nc6 9. Ne2 O-O 10. Ned4 Qe8 11. c4 dxc4 12. Bxc4 b5 13. Bb3 Na5 14. Rc1 Ne4 15.
Bc2 Bb6 16. b4 Nc4 17. Bb3 Bb7 18. Bxc4 bxc4 19. Rxc4 Bd5 20. Rc2 Qa4 21. Bc7
Ba7 22. Be5 Qe8 23. Rc7 Rf7 24. Qc2 Bb6 25. Rxf7 Qxf7 26. Rc1 h6 27. a4 Ng5 28.
Nxg5 hxg5 29. a5 Bd8 30. Qc5 Be7 31. Qb6 Bd8 32. Qd6 Be7 33. Qb6 Bd8 34. Qc5
Be7 35. Bd6 Bf6 36. Qc7 Ra7 0-1